Florentino González. Jurisconsulto y Hacendista.
Saved in:
| Hovedforfatter: | |
|---|---|
| Andre forfattere: | |
| Format: | Bog |
| Udgivet: |
Bogotá, Colombia:
Ediciones Academia Colombiana de Jurisprudencia,
2009.
|
| Serier: | Colección Portable.
|
| Fag: | |
| Tags: |
Tilføj Tag
Ingen Tags, Vær først til at tagge denne postø!
|
MARC
| LEADER | 00000nam a2200000 a 4500 | ||
|---|---|---|---|
| 001 | UCR1403 | ||
| 003 | CL-VaPUC | ||
| 005 | 20220822114544.0 | ||
| 008 | 220705t2009 ||||| |||| 00| 0 eng d | ||
| 999 | |c 436691 |d 436689 | ||
| 040 | |c Pontificia Universidad Católica de Valparaíso | ||
| 082 | 7 | |a 320.092 ALO 2009 |b 22 | |
| 100 | 0 | |a Alonso Pinzón, Martín |9 398450 |e autor | |
| 245 | |a Florentino González. |b Jurisconsulto y Hacendista. | ||
| 260 | |a Bogotá, Colombia: |b Ediciones Academia Colombiana de Jurisprudencia, |c 2009. | ||
| 300 | |a 278 páginas. | ||
| 490 | |a Colección Portable. | ||
| 500 | |a c.1 Donación Familia Prof. Alejandro Guzmán Brito. | ||
| 583 | |a last modification |c 19971219 00:00:00 |k Cristina María Rojas Aguilar | ||
| 650 | |a Profesores de derecho |z Colombia |9 872397 | ||
| 650 | |a Economistas |z Colombia |9 872398 | ||
| 700 | |a González, Florentino, |d 1805-1875 |9 872399 | ||
| 942 | |c BK |2 ddc |n 0 | ||
| 952 | |0 0 |1 0 |2 ddc |4 0 |6 320_092000000000000_ALO_2009 |7 1 |8 C_AGB |9 584384 |a BIBDER |b BIBDER |d 2022-07-05 |e Donación |i 5652507 |o 320.092 ALO 2009 |p 5652507 |r 2023-01-25 |t 1 |w 2022-07-05 |y BK_US |k AGB | ||